000 01385nab a22002417a 4500
999 _c5453
_d5453
003 OSt
005 20251023103406.0
008 190603e xxum|||| |||| 00| 0 spa d
040 _cPJ
100 _91228
_aCarnota, Walter F.
245 1 3 _aLa prueba digital hasheada. Algunas especulaciones sobre su implementación judicial /
_cWalter F. Carnota, Lucas De Venecia.
260 _cCiudad Autónoma de Buenos Aires :
_aThomson Reuters La Ley,
_b2025.
300 _ap. 65-71
500 _aCita Online: TR LALEY AR/DOC/545/2025.
505 _aSumario: I. Introducción.— II. Perspectiva conceptual y antecedentes jurídicos.— III. La relevancia de la cadena de custodia y el rol del hashing. — IV. Aportes doctrinarios y jurisprudenciales.— V. Desarrollo técnico y consideraciones prácticas.— VI. Desafíos y potencialidades de la prueba digital hasheada.— VII. Conclusiones y perspectivas futuras.— VIII. Bibliografía.
505 _t¿Te interesa el texto completo? Solicitalo al correo: koha@justierradelfuego.gov.ar
650 0 _96081
_aCIENCIA Y TECNOLOGÍA
650 0 _95817
_aINTELIGENCIA ARTIFICIAL
650 0 _9273
_aDERECHO INFORMATICO
700 _96457
_aDe Venezia, Lucas
_ecoautora
773 0 _02713
_93170
_dCiudad Autónoma de Buenos Aires : Thomson Reuters La Ley, 2015-
_tRevista Código Civil y Comercial. Nº 2 - Abril 2025
942 _2udc
_cANA